[Event "UZB-ch qual"]
[Site "Tashkent"]
[Date "2015.04.28"]
[Round "7"]
[White "Yusupov, Sarvar"]
[Black "Vokhidov, Shamsiddin"]
[Result "0-1"]
[WhiteElo "2086"]
[BlackElo "2266"]
[PlyCount "80"]
[EventDate "2015.04.21"]
[EventType "tourn"]
[EventRounds "9"]
[EventCountry "UZB"]
[SourceTitle "CBM 166 Extra"]
[Source "ChessBase"]
[SourceDate "2015.06.18"]
[SourceVersion "1"]
[SourceVersionDate "2015.06.18"]
[SourceQuality "1"]

1. d4 Nf6 2. Bg5 e6 3. e3 c5 4. Bxf6 Qxf6 5. c3 b6 6. Nf3 Bb7 7. Nbd2 g6 8. Bd3 Bg7 9. e4 Qe7 10. e5 cxd4 11. cxd4 f6 12. Qe2 fxe5 13. dxe5 0-0 14. 0-0 Nc6 15. Nc4 Rab8 16. Rad1 Rf4 17. Rfe1 Rbf8 18. Ncd2 Nd4 19. Nxd4 Rxf2 20. Qxf2 Rxf2 21. Kxf2 Qh4+ 22. Kf1 Qxd4 23. Nf3 Qf4 24. Be2 Bc6 25. Rd4 Qf8 26. Bd1 Qc5 27. Rd2 Bh6 28. Rc2 Bb5+ 29. Be2 Qxc2 30. Bxb5 Qxb2 31. Bxd7 Qxa2 32. Bb5 a6 33. Be2 Be3 34. Rd1 a5 35. h4 a4 36. Rd8+ Kf7 37. Ng5+ Ke7 38. Rd1 Bxg5 39. hxg5 a3 40. Bb5 Qd5 0-1

[Event "UZB-ch qual"]
[Site "Tashkent"]
[Date "2015.04.24"]
[Round "3"]
[White "Abdisalimov, Abdimalik"]
[Black "Yusupov, Sarvar"]
[Result "1/2-1/2"]
[WhiteElo "2125"]
[BlackElo "2086"]
[PlyCount "112"]
[EventDate "2015.04.21"]
[EventType "tourn"]
[EventRounds "9"]
[EventCountry "UZB"]
[SourceTitle "CBM 166 Extra"]
[Source "ChessBase"]
[SourceDate "2015.06.18"]
[SourceVersion "1"]
[SourceVersionDate "2015.06.18"]
[SourceQuality "1"]

1. Nf3 e6 2. b3 Nf6 3. Bb2 b6 4. d3 Bb7 5. e4 c5 6. Nbd2 d5 7. e5 Nfd7 8. c3 Ba6 9. d4 Bxf1 10. Kxf1 Nc6 11. a3 Rc8 12. g3 Be7 13. Kg2 Nf8 14. Rc1 Ng6 15. h4 h5 16. Qe2 Qd7 17. Rhd1 Qb7 18. Kg1 b5 19. Rb1 c4 20. a4 bxa4 21. bxc4 Qa6 22. Kf1 a3 23. Ba1 0-0 24. c5 Qa4 25. Rb3 Rb8 26. Rdb1 Rxb3 27. Rxb3 Rb8 28. Rxb8+ Nxb8 29. Ne1 a2 30. Qxh5 Qb5+ 31. c4 dxc4 32. Bc3 Qb1 33. Qf3 a1Q 34. Bxa1 Qxa1 35. Qb7 Qxd4 36. Qxb8+ Bf8 37. Ndf3 Qxc5 38. h5 Ne7 39. Ng5 Qc6 40. Qxa7 Qh1+ 41. Ke2 Qxh5+ 42. Ngf3 Nd5 43. Qd4 c3 44. Nc2 Qf5 45. Qd3 Qg4 46. Qd4 Qf5 47. Qd3 Qh5 48. Ne3 Nxe3 49. Kxe3 Qh6+ 50. Kd4 Qc1 51. Qxc3 Qxc3+ 52. Kxc3 Bc5 53. Nd4 Kh7 54. f4 Kg6 55. g4 Kh7 56. Kd3 Ba3 1/2-1/2

[Event "Tashkent Hokim Cup"]
[Site "Tashkent"]
[Date "2009.07.18"]
[Round "2"]
[White "Yusupov, Sarvar"]
[Black "Dzhumaev, Marat"]
[Result "0-1"]
[WhiteElo "2148"]
[BlackElo "2535"]
[PlyCount "77"]
[EventDate "2009.07.17"]
[EventType "swiss"]
[EventRounds "9"]
[EventCountry "UZB"]
[SourceTitle "CBM 131 Extra"]
[Source "ChessBase"]
[SourceDate "2009.09.03"]
[SourceVersion "2"]
[SourceVersionDate "2009.09.16"]
[SourceQuality "1"]

1. c4 f5 2. Nc3 Nf6 3. g3 g6 4. Bg2 Bg7 5. b3 0-0 6. Nf3 d6 7. d4 Qe8 8. 0-0 h6 9. Bb2 c6 10. Qc2 Na6 11. Rae1 g5 12. a3 Qg6 13. e3 Nc7 14. Rd1 Qh5 15. d5 c5 16. Rde1 Rf7 17. Ne2 Bd7 18. b4 b6 19. bxc5 bxc5 20. Rb1 Rff8 21. Bxf6 Bxf6 22. Rb7 Rfc8 23. Rfb1 Qe8 24. e4 fxe4 25. Qxe4 Qf7 26. Nd2 Be5 27. Qe3 Bg7 28. Be4 Qe8 29. Qd3 Qf8 30. Nb3 a5 31. Nd2 a4 32. Nf1 Qd8 33. Ne3 Ne8 34. Nf5 Nf6 35. Nxg7 Kxg7 36. Bf5 Rc7 37. Nc3 Qc8 38. Bxd7 Rxd7 39. R7b2 0-1

[Event "Agzamov Memorial 03rd"]
[Site "Tashkent"]
[Date "2009.03.16"]
[Round "1"]
[White "Potapov, Pavel"]
[Black "Yusupov, Sarvar"]
[Result "1-0"]
[WhiteElo "2414"]
[BlackElo "2087"]
[PlyCount "94"]
[EventDate "2009.03.15"]
[EventType "swiss"]
[EventRounds "9"]
[EventCountry "UZB"]
[SourceTitle "CBM 129 Extra"]
[Source "ChessBase"]
[SourceDate "2009.05.05"]
[SourceVersion "2"]
[SourceVersionDate "2009.05.20"]
[SourceQuality "1"]

1. e4 c6 2. d4 d5 3. exd5 cxd5 4. c4 Nf6 5. Nf3 e6 6. Nc3 Be7 7. Be2 a6 8. c5 Nc6 9. 0-0 0-0 10. a3 Ne4 11. Na4 f5 12. Nb6 Rb8 13. Bf4 g5 14. Bxb8 Nxb8 15. Ne5 Nc6 16. Nxc6 bxc6 17. f3 Nf6 18. Qa4 Qc7 19. Rae1 Nd7 20. Nxd7 Bxd7 21. Qxa6 Qf4 22. Qd3 Bf6 23. Rd1 e5 24. g3 Qxd4+ 25. Qxd4 exd4 26. Bd3 Rb8 27. b4 h5 28. Rb1 Ra8 29. Ra1 f4 30. a4 Kf7 31. b5 Be5 32. Rfe1 Bb8 33. bxc6 Bxc6 34. Bb5 Bb7 35. Rab1 Bc7 36. gxf4 Ba5 37. Re8 Ra7 38. fxg5 Bd2 39. g6+ Kxg6 40. c6 Ba8 41. c7 Rxc7 42. Rxa8 Be3+ 43. Kh1 Kg5 44. Rg8+ Kh4 45. a5 Kh3 46. a6 Bf4 47. Rh8 Kh4 1-0